LEADER 01324nam0-2200361---450- 001 990009586670403321 005 20120606113128.0 010 $a3-89500-314-X 035 $a000958667 035 $aFED01000958667 035 $a(Aleph)000958667FED01 035 $a000958667 100 $a20120606d2003----km-y0itay50------ba 101 2 $aita$ager$aeng 102 $aDE 105 $aab------101yy 200 1 $aAbitare in città$ela Cisalpina tra Impero e Medioevo$econvegno tenuto a Roma il quattro e il cinque novembre 1999$d= Leben in der Stadt$eoberitalien zwischen römischer Kaiserzeit und Mittelalter$ekolloquium am vierten und fünften November 1999 in Rom$fhrsg. im Auftrag des DAI Rom von Jacopo Ortalli und Michael Heinzelmann 210 $aWiesbaden$cReichert$d2003 215 $a239 p.$cill.$d29 cm 225 1 $aPalilia$v12 517 1 $aLeben in der Stadt 610 0 $aCittà$aGallia cisalpina$aSec. 3.-6. 610 0 $aTopografia storica$aItalia settentrionale$aCongressi 676 $a307.7609$v22$zita 702 1$aOrtalli,$bJacopo 702 1$aHeinzelmann,$bMichael 801 0$aIT$bUNINA$gRICA$2UNIMARC 901 $aBK 912 $a990009586670403321 952 $a930.1 PALILIA 12$bDip. dis. stor. 13148$fFLFBC 959 $aFLFBC 996 $aAbitare in città$9845838 997 $aUNINA LEADER 01251nam--2200409---450- 001 990000419250203316 005 20050204125616.0 010 $a88-07-07014-6 035 $a0041925 035 $aUSA010041925 035 $a(ALEPH)000041925USA01 035 $a0041925 100 $a20010427h----1985km-y0itay0103----ba 101 $ait 102 $aITA 105 $a||||||||001yy 200 1 $aCon occhi di figlia$eritratto di Margaret Mead e Gregory Bateson$fMary Catherine Bateson$gMariangela Zanusso 210 $aMilano$cFeltrinelli$h1985 215 $a239 p.$c8 c. di tav.; ill.$d23 cm 225 2 $aTempo ritrovato$v13 410 $12001$aTempo ritrovato$v13 606 0 $aMead, Margaret 606 0 $aBateson, Gregory 676 $a306.092 700 1$aBATESON,$bMary Catherine$0141952 702 1$aZANUSSO,$bMariangela 801 0$aIT$bsalbc$gISBD 912 $a990000419250203316 951 $aIII.2. 193(VARIE COLL. 726/13)$b133438 LM$cVARIE COLL. 959 $aBK 969 $aUMA 979 $aPATTY$b90$c20010427$lUSA01$h1357 979 $c20020403$lUSA01$h1650 979 $aPATRY$b90$c20040406$lUSA01$h1629 979 $aCOPAT2$b90$c20050204$lUSA01$h1256 996 $aCon occhi di figlia$9509358 997 $aUNISA